| 000 | 00958nac a22003017a 4500 | ||
|---|---|---|---|
| 001 | BR8002884 | ||
| 003 | BR-BrBNA | ||
| 005 | 20240105114701.0 | ||
| 008 | 230509b bl.|||m| |||| 00| 0 por d | ||
| 040 |
_aBR-BrBNA _bpor _cBiblioteca Nacional de Agricultura |
||
| 072 | _aF00; E15 | ||
| 090 | _a0336 BR8002884 | ||
| 110 | 1 |
_aCooperativa Agropecuaria Mista do Oeste Ltda., Toledo, PR (Brasil) _92798 |
|
| 245 | 1 | _aSoja do plantio a comercializacao [Praga de planta; Glycine max; Parana; Brasil] | |
| 250 | 1 | _a2. ed. | |
| 260 | 3 |
_aToledo, PR (Brasil): _c1980. |
|
| 300 | _a43 p. | ||
| 490 |
_aBoletim Tecnico - Cooperativa Agropecuaria Mista do Oeste Ltda. (Brazil) _vno. 3 _x |
||
| 500 | _a15 illus.; 7 tables | ||
| 650 | _aPraga de planta | ||
| 650 | _aSoja | ||
| 650 | _aPratica cultural | ||
| 650 | _aAdubacao | ||
| 650 | _aCredito rural | ||
| 650 | _aParana | ||
| 909 |
_a202312 _bLúcia Elande _c55 _dLúcia Elande |
||
| 942 |
_2AGRIS _n0 _cMS |
||
| 999 |
_c270723 _d270723 |
||